50 Biggest Cities in the Balkan Peninsula on a Map - Statistics

General Stats
  • This quiz has been taken 2,225 times
  • The average score is 25 of 50
Answers on the Map
Answers color-coded by a green-red scale on the quiz's map according to % correct below.
 
Answer Stats
Population City % Correct
1,166,763 Belgrade
98%
688,163 Zagreb
98%
664,046 Athens
97%
15,113,808 İstanbul
97%
348,363 Sarajevo
97%
1,221,785 Sofia
97%
418,495 Tirana
97%
509,900 Skopje
95%
145,149 Priština
94%
150,977 Podgorica
90%
315,196 Thessaloníki
90%
167,121 Split
88%
332,394 Varna
76%
342,048 Plovdiv
73%
183,164 Niš
71%
135,059 Banja Luka
66%
113,249 Durrës
66%
199,773 Trieste
65%
128,384 Rijeka
62%
283,872 Constanța
60%
198,593 Burgas
59%
172,802 Edirne
54%
167,446 Patras
52%
144,651 Larissa
47%
85,119 Prizren
47%
79,513 Vlorë
43%
163,688 Piraeus
38%
135,440 Ruse
38%
150,835 Kragujevac
37%
78,703 Elbasan
32%
125,732 Stara Zagora
30%
86,046 Vólos
30%
174,685 Tekirdağ
28%
288,692 Çorlu
27%
91,119 Pleven
27%
80,936 Dobrich
21%
83,371 Sliven
21%
100,641 Kallithéa
15%
79,038 Kırklareli
15%
119,460 Lüleburgaz
14%
139,981 Peristeri
13%
87,305 Glyfáda
12%
91,279 Kalamariá
12%
181,997 Silivri
12%
99,346 Acharnes
11%
125,461 Çerkezköy
10%
84,793 Ilio
8%
111,457 Kapaklı
8%
89,380 Nikaia
8%
78,153 Ilioupoli
6%
No matching quizzes found
Score Distribution
Percent of People with Each Score
Percentile by Number Answered
Your Score History
You have not taken this quiz